| Поле | Название | Значение |
| |
Тип записи |
a |
| |
Библиографический уровень |
m |
| 001 |
Контрольный номер |
4eadb9fd2ac044068b5e77b08ea3238f |
| 005 |
Дата корректировки |
20161110140930.7 |
| 010 |
Индекс ISBN |
__ |
| a |
ISBN |
5-89123-269-3 |
| a |
ISBN |
5-86225-974-0 |
| 200 |
Заглавие и сведения об ответственности |
1_ |
| a |
Заглавие |
Международное частное право |
| b |
Общее обозначение материала |
Текст |
| e |
Сведения, относящиеся к заглавию |
курс лекций |
| 210 |
Выходные данные |
1_ |
| a |
Место издания |
М. |
| c |
Издательство |
НОРМА-ИНФРА-М |
| d |
Дата издания |
2000 |
| 215 |
Физическое описание |
__ |
| a |
Объем |
686 с. |
| 330 |
Аннотация |
__ |
| a |
Аннотация |
Курс посвящен основным институтам и механизмам, формирующим международное частное право. |
| 606 |
Тематические рубрики |
__ |
| a |
Основная рубрика |
Международное право |
| 610 |
Ключевые слова |
0_ |
| a |
Ключевые слова |
методы правового регулирования |
| a |
Ключевые слова |
источники частного права |
| a |
Ключевые слова |
коллизионная норма |
| a |
Ключевые слова |
иностранные инвестиции |
| a |
Ключевые слова |
гражданский процесс |
| 686 |
Индексы других классификаций |
__ |
| a |
Классификационный индекс |
67.93 |
| 2 |
Код системы |
rubbk |
| 700 |
Автор |
_1 |
| a |
Фамилия |
Звеков |
| b |
Имя |
В. П. |
| 852 |
Данные о местонахождении |
__ |
| i |
Авторский знак |
З 43 |
| j |
Шифр хранения |
67.9 |
| 938 |
Служебная информация |
__ |
| a |
Название организации |
Волгоградский филиал |
| b |
Имя БД |
Каталог_ВКИ |
| c |
Название АИБС |
АИБС МАРК-SQL |